000 00534nam a2200181Ia 4500
005 20250508151716.0
008 008 250505s9999 xx 000 0 eng d
037 _aTextual
040 _aFEDL
_beng
_cFEDL
041 _aeng
_2eng
084 _a152.8, INV
_qFEDL
245 0 _aInvitational conference on testing problems: October31, 1953
260 _aNew Jersey, USA
_bEducational Testing Service
300 _axi,179p
650 _aPsychometry
_9441581
942 _cTEXL
_h152.8, INV
999 _c1331594
_d1331594